[Event "VEN-chT Liga Superior qual"]
[Site "Caracas"]
[Date "2018.01.27"]
[Round "4.2"]
[White "Guerra Fornerino, Jorge Isaac"]
[Black "Rojas, Luis Gabriel"]
[Result "1/2-1/2"]
[WhiteElo "2128"]
[BlackElo "2055"]
[PlyCount "159"]
[EventDate "2018.01.26"]
[EventType "team-swiss"]
[EventRounds "6"]
[EventCountry "VEN"]
[SourceTitle "EXT 2022"]
[Source "ChessBase"]
[SourceDate "2021.10.06"]
[SourceVersion "1"]
[SourceVersionDate "2021.10.06"]
[SourceQuality "1"]
[WhiteTeam "GM Julio Bolbochan"]
[BlackTeam "AlphaZero"]
[WhiteTeamCountry "VEN"]
[BlackTeamCountry "VEN"]

1. c4 Nf6 2. Nc3 e6 3. d4 d5 4. Bf4 Be7 5. e3 0-0 6. Rc1 a6 7. c5 b5 8. cxb6 cxb6 9. Bd3 b5 10. a3 Bb7 11. Nge2 Nbd7 12. Ng3 Rc8 13. Nh5 Nxh5 14. Qxh5 f5 15. Qe2 Nf6 16. f3 Bd6 17. Bxd6 Qxd6 18. f4 Rf7 19. 0-0 Rfc7 20. Na2 Bc6 21. Rc2 Be8 22. Rfc1 Nd7 23. Rxc7 Rxc7 24. Rxc7 Qxc7 25. Qc2 Qxc2 26. Bxc2 Kf8 27. Nb4 Nb8 28. Nd3 Ke7 29. Nc5 Kd6 30. g4 g6 31. h3 Bd7 32. Kf2 Bc8 33. Kg3 Nd7 34. Nd3 Ke7 35. Nb4 Bb7 36. Kh4 Kf6 37. Bd3 Nb6 38. b3 a5 39. Nc2 a4 40. bxa4 bxa4 41. Bb5 Bc8 42. Kg3 Bd7 43. Ba6 Bc8 44. Bd3 Bd7 45. g5+ Ke7 46. Kf2 Nc8 47. Ke2 Kd6 48. Kd2 Kc6 49. Kc3 Kb6 50. Ne1 Ka5 51. Nf3 Nd6 52. Ne5 Be8 53. h4 Nf7 54. Nf3 Nd6 55. Kb2 Kb6 56. Nd2 Bb5 57. Bc2 Ka5 58. Kc3 Nc4 59. Nxc4+ Bxc4 60. Bd1 Bb5 61. h5 Be8 62. h6 Bb5 63. Bf3 Bc6 64. Bd1 Bb5 65. Kd2 Be8 66. Bf3 Kb5 67. Kc2 Ka5 68. Bg2 Bb5 69. Bh3 Bc6 70. Bg2 Kb6 71. Bf3 Ka5 72. Bd1 Bb5 73. Kb2 Be8 74. Be2 Bd7 75. Bf3 Bc6 76. Kc2 Kb5 77. Bd1 Ka5 78. Kd2 Kb5 79. Kd3 Ka5 80. Ke2 1/2-1/2

[Event "Caracas FVA 80th Ann"]
[Site "Caracas"]
[Date "2015.12.20"]
[Round "8"]
[White "Guerra Fornerino, Jorge Isaac"]
[Black "Rovira Cruz, Luis Manuel"]
[Result "0-1"]
[WhiteElo "2156"]
[BlackElo "1954"]
[PlyCount "132"]
[EventDate "2015.12.16"]
[EventType "swiss"]
[EventRounds "8"]
[EventCountry "VEN"]
[SourceTitle "EXT 2018"]
[Source "ChessBase"]
[SourceDate "2017.10.13"]
[SourceVersion "1"]
[SourceVersionDate "2017.10.13"]
[SourceQuality "1"]

1. d4 Nf6 2. c4 g6 3. Nf3 Bg7 4. g3 0-0 5. Bg2 d6 6. 0-0 Nbd7 7. Nc3 c6 8. Qc2 e5 9. Rd1 Re8 10. dxe5 dxe5 11. e4 Qc7 12. b3 h6 13. Bb2 Nf8 14. h3 Be6 15. Ne2 N6h7 16. Bc3 Rad8 17. Qb2 f6 18. h4 Rxd1+ 19. Rxd1 Rd8 20. Rxd8 Qxd8 21. Qc2 Bc8 22. Kh2 Ne6 23. Bb2 Nhf8 24. c5 Qa5 25. Bh3 Bd7 26. Bc1 Qxc5 27. Qxc5 Nxc5 28. Bxd7 Nfxd7 29. Nc3 h5 30. Be3 b6 31. b4 Ne6 32. b5 cxb5 33. Nxb5 a6 34. Nc3 Bf8 35. Kg2 Bc5 36. Bxc5 Nexc5 37. Nd2 Kf7 38. f3 f5 39. Kf2 Ke6 40. Nc4 fxe4 41. fxe4 b5 42. Nd2 b4 43. Ne2 a5 44. Ke3 a4 45. Nc1 Kf6 46. Kf3 Nf8 47. Ke3 Nfe6 48. Nc4 Nd4 49. Nd3 b3 50. axb3 Ndxb3 51. Nb4 Nd4 52. Na3 g5 53. Nd5+ Kg6 54. Ne7+ Kf7 55. Nd5 gxh4 56. gxh4 Nde6 57. Nc4 Nd7 58. Kd2 Nec5 59. Ke3 Ke8 60. Nd6+ Kd8 61. Kd2 Nb3+ 62. Kc3 Ndc5 63. Nf7+ Ke8 64. Ng5 a3 65. Nc7+ Kd7 66. Nb5 a2 0-1

[Event "Caracas FVA 80th Ann"]
[Site "Caracas"]
[Date "2015.12.17"]
[Round "3"]
[White "Blanco, Juan"]
[Black "Guerra Fornerino, Jorge Isaac"]
[Result "0-1"]
[WhiteElo "1978"]
[BlackElo "2156"]
[PlyCount "52"]
[EventDate "2015.12.16"]
[EventType "swiss"]
[EventRounds "8"]
[EventCountry "VEN"]
[SourceTitle "EXT 2018"]
[Source "ChessBase"]
[SourceDate "2017.10.13"]
[SourceVersion "1"]
[SourceVersionDate "2017.10.13"]
[SourceQuality "1"]

1. e4 c5 2. Nf3 Nc6 3. d4 cxd4 4. Nxd4 Nf6 5. Nc3 d6 6. Be2 g6 7. Be3 Bd7 8. g4 h5 9. gxh5 Nxh5 10. Qd2 Bg7 11. 0-0-0 Qa5 12. Kb1 Rc8 13. Rhg1 Nf6 14. Rg5 Qd8 15. Nf5 Bf8 16. Nd4 Rxh2 17. Qe1 Rh8 18. Qg1 Rg8 19. Nxc6 bxc6 20. f4 e6 21. Rg2 Qa5 22. Rg5 Qc7 23. Qh2 Rb8 24. e5 dxe5 25. fxe5 Bb4 26. exf6 Qxh2 0-1

[Event "Caracas FVA 80th Ann"]
[Site "Caracas"]
[Date "2015.12.16"]
[Round "1"]
[White "Sandoval Yepez, Joe Samuel"]
[Black "Guerra Fornerino, Jorge Isaac"]
[Result "0-1"]
[WhiteElo "1673"]
[BlackElo "2156"]
[PlyCount "84"]
[EventDate "2015.12.16"]
[EventType "swiss"]
[EventRounds "8"]
[EventCountry "VEN"]
[SourceTitle "EXT 2018"]
[Source "ChessBase"]
[SourceDate "2017.10.13"]
[SourceVersion "1"]
[SourceVersionDate "2017.10.13"]
[SourceQuality "1"]

1. e4 e6 2. d4 d5 3. exd5 exd5 4. Nf3 Nf6 5. Bg5 Be7 6. Bd3 0-0 7. 0-0 Bg4 8. Nbd2 Nbd7 9. Re1 c5 10. c4 cxd4 11. cxd5 Nc5 12. Bc4 Nxd5 13. Bxe7 Nxe7 14. b4 Ne6 15. Qb3 Nc7 16. Re4 Be6 17. Rxd4 Qe8 18. Re1 b5 19. Bxe6 Nxe6 20. Rd6 Ng6 21. Ng5 Qe7 22. Nde4 Nxg5 23. Nf6+ Qxf6 24. Rxf6 gxf6 25. h4 Ne6 26. h5 Ngf4 27. h6 Rfd8 28. g3 Nd5 29. f4 Rac8 30. f5 Rc3 31. Qb2 Nd4 32. Kh1 Rdc8 33. Rd1 Ne3 34. Rxd4 Rc1+ 35. Kh2 R1c2+ 36. Qxc2 Rxc2+ 37. Kh3 Kf8 38. g4 Rc4 39. Rd3 Nxg4 40. Rd7 Nxh6 41. Rxa7 Rxb4 42. Ra8+ Kg7 0-1

[Event "Caracas Bandes Cup 1st"]
[Site "Caracas"]
[Date "2014.03.04"]
[Round "7"]
[White "Ramirez Marino, Richard Daniel"]
[Black "Guerra Fornerino, Jorge Isaac"]
[Result "0-1"]
[WhiteElo "2031"]
[BlackElo "2131"]
[PlyCount "48"]
[EventDate "2014.03.01"]
[EventType "swiss"]
[EventRounds "7"]
[EventCountry "VEN"]
[SourceTitle "EXT 2018"]
[Source "ChessBase"]
[SourceDate "2017.10.13"]
[SourceVersion "1"]
[SourceVersionDate "2017.10.13"]
[SourceQuality "1"]

1. e4 c5 2. Nf3 Nc6 3. d4 cxd4 4. Nxd4 Nf6 5. Nc3 e5 6. Ndb5 d6 7. Bg5 a6 8. Bxf6 gxf6 9. Na3 b5 10. Nd5 Bg7 11. Bd3 Be6 12. 0-0 f5 13. c4 bxc4 14. Nxc4 Bxd5 15. exd5 Ne7 16. Rb1 0-0 17. b4 e4 18. Be2 f4 19. h3 Ng6 20. Re1 Rc8 21. a4 f3 22. gxf3 exf3 23. Bf1 Qg5+ 24. Kh1 Rxc4 0-1

[Event "Caracas Bandes Cup 1st"]
[Site "Caracas"]
[Date "2014.03.02"]
[Round "4"]
[White "Guerra Fornerino, Jorge Isaac"]
[Black "Ramos Caldera, Cesar"]
[Result "1-0"]
[WhiteElo "2131"]
[BlackElo "2017"]
[PlyCount "107"]
[EventDate "2014.03.01"]
[EventType "swiss"]
[EventRounds "7"]
[EventCountry "VEN"]
[SourceTitle "EXT 2018"]
[Source "ChessBase"]
[SourceDate "2017.10.13"]
[SourceVersion "1"]
[SourceVersionDate "2017.10.13"]
[SourceQuality "1"]

1. d4 Nf6 2. c4 e6 3. Nc3 Bb4 4. Nf3 0-0 5. g3 d5 6. Bg2 c5 7. cxd5 exd5 8. 0-0 Nc6 9. Bg5 Bxc3 10. bxc3 h6 11. Bxf6 Qxf6 12. Rc1 cxd4 13. cxd4 Bg4 14. e3 Rac8 15. h3 Bh5 16. g4 Bg6 17. Nd2 Bd3 18. Re1 Nb4 19. Qb3 Nc2 20. Qxd3 Nxe1 21. Rxe1 Rfd8 22. Nb3 b6 23. Rc1 Rxc1+ 24. Nxc1 Qc6 25. Ne2 Qc4 26. Qd2 b5 27. Nf4 b4 28. Nd3 a5 29. Nc5 a4 30. Nxa4 Ra8 31. Nb6 Qxa2 32. Qxb4 Rb8 33. Bxd5 Qa7 34. Qc4 Rxb6 35. Qc8+ Kh7 36. Qe8 Rf6 37. Qe5 Qb6 38. Kg2 Qd6 39. Qxd6 Rxd6 40. Bxf7 g5 41. d5 Kg7 42. Be6 Kf6 43. f4 Rb6 44. Bf5 Rb2+ 45. Kf3 Rh2 46. d6 Rxh3+ 47. Ke4 Rh1 48. fxg5+ hxg5 49. Kd5 Rd1+ 50. Kc6 Rc1+ 51. Kd7 Rd1 52. Kc7 Rc1+ 53. Kd8 Rh1 54. e4 1-0

[Event "Caracas Bandes Cup 1st"]
[Site "Caracas"]
[Date "2014.03.01"]
[Round "2"]
[White "Guerra Fornerino, Jorge Isaac"]
[Black "Brizuela Abreu, Ronald Jesus"]
[Result "0-1"]
[WhiteElo "2131"]
[BlackElo "2317"]
[PlyCount "110"]
[EventDate "2014.03.01"]
[EventType "swiss"]
[EventRounds "7"]
[EventCountry "VEN"]
[SourceTitle "EXT 2018"]
[Source "ChessBase"]
[SourceDate "2017.10.13"]
[SourceVersion "1"]
[SourceVersionDate "2017.10.13"]
[SourceQuality "1"]

1. e4 e6 2. d4 d5 3. Nd2 Nf6 4. e5 Nfd7 5. Bd3 c5 6. c3 Nc6 7. Ngf3 g6 8. 0-0 Bg7 9. Re1 0-0 10. Nf1 cxd4 11. cxd4 Qb6 12. Qa4 f6 13. exf6 Nxf6 14. Qb5 Nxd4 15. Nxd4 Qxd4 16. Be3 Qh4 17. f3 Nh5 18. g3 Qd8 19. f4 b6 20. Bf2 Qd6 21. Rad1 Bd7 22. Qb3 Rac8 23. Ne3 Nf6 24. h3 Kh8 25. Bb1 Rc5 26. Nc4 dxc4 27. Rxd6 cxb3 28. Bxc5 bxc5 29. axb3 Bc8 30. Rc6 Nd5 31. Kh2 Bd4 32. Be4 Nf6 33. Bg2 Nh5 34. Re2 a6 35. Rc7 e5 36. fxe5 Be6 37. Rc6 Re8 38. Rb6 a5 39. Bc6 Re7 40. Bf3 Kg7 41. Bg4 Bd5 42. Bxh5 gxh5 43. e6 Kf6 44. Re1 Rxe6 45. Rexe6+ Bxe6 46. Rb5 Bd5 47. Rxa5 Bxb3 48. Ra6+ Kg5 49. Ra7 Bxb2 50. Rb7 c4 51. h4+ Kf5 52. Kg2 Ke4 53. Kf2 Kd3 54. Kf3 Bd4 55. Kf4 Bd1 0-1